MCU Infinity Saga Categories - Hard (Marvel) - Statistics

General Stats
  • This quiz has been taken 38 times
  • The average score is 35 of 89
Answer Stats
Hint Answer % Correct
Arc Reactor Users Iron Man
97%
Cities appearing in any Avengers movie New York
97%
Named Aliens who visited Earth Loki
87%
Named Aliens who visited Earth Thor
84%
SHIELD Agents Nick Fury
81%
Named Aliens who visited Earth Thanos
81%
Visited Planets Earth
74%
Named Aliens who visited Earth Gamora
74%
SHIELD Agents Maria Hill
74%
SHIELD Agents Natasha Romanoff
74%
Named Aliens who visited Earth Drax
71%
Visited Planets Ego
71%
Named Aliens who visited Earth Ego
71%
Named Aliens who visited Earth Nebula
71%
SHIELD Agents Clint Barton
68%
Cities appearing in any Avengers movie Novi Grad (Sokovia)
68%
Named Aliens who visited Earth Rocket
68%
Arc Reactor Users War Machine
68%
Named Aliens who visited Earth Groot
65%
Named Aliens who visited Earth Odin
65%
SHIELD Agents Phil Coulson
65%
Visited Planets Vormir
65%
Arc Reactor Users Iron Monger
61%
Named Aliens who visited Earth Mantis
61%
Visited Planets Asgard
58%
Cities appearing in any Avengers movie Birnin Zana (Wakanda)
58%
Arc Reactor Users Whiplash
58%
SHIELD Agents Steve Rogers
52%
Visited Planets Titan
52%
Named Aliens who visited Earth Yondu
52%
Named Aliens who visited Earth Ebony Maw
48%
Named Aliens who visited Earth Cull Obsidian
45%
Named Aliens who visited Earth Proxima Midnight
45%
Arc Reactor Users Bruce Banner / Hulkbuster
42%
Named Aliens who visited Earth Valkyrie
42%
Named Aliens who visited Earth Corvus Glaive
39%
Named Aliens who visited Earth Malekith
39%
SHIELD Agents Peggy Carter
39%
Named Aliens who visited Earth Sif
39%
Named Aliens who visited Earth Talos
39%
Named Aliens who visited Earth Hogun
35%
Visited Planets Jotunheim
35%
Named Aliens who visited Earth Korg
35%
Cities appearing in any Avengers movie London
35%
Named Aliens who visited Earth Miek
35%
Arc Reactor Users Rescue
35%
Visited Planets Xandar
35%
SHIELD Agents Alexander Pierce
32%
Named Aliens who visited Earth Kraglin
32%
Named Aliens who visited Earth Volstagg
32%
Named Aliens who visited Earth Yon-Rogg
32%
Named Aliens who visited Earth Fandral
29%
SHIELD Agents Hank Pym
29%
SHIELD Agents Howard Stark
29%
Visited Planets Morag
29%
Cities appearing in any Avengers movie Tokyo
29%
SHIELD Agents Brock Rumlow
26%
Cities appearing in any Avengers movie Edinburgh
26%
Named Aliens who visited Earth Mar-Vell
26%
SHIELD Agents Jasper Sitwell
23%
Named Aliens who visited Earth Laufey
23%
Cities appearing in any Avengers movie San Francisco
23%
Cities appearing in any Avengers movie Seoul
23%
SHIELD Agents Sharon Carter
23%
SHIELD Agents Ava Starr
19%
Named Aliens who visited Earth G'iah
19%
Named Aliens who visited Earth Minn-Erva
19%
Visited Planets Sakaar
19%
Named Aliens who visited Earth Soren
19%
SHIELD Agents Arnim Zola
16%
Arc Reactor Users Eric Savin / Iron Patriot
16%
SHIELD Agents Janet van Dyne
16%
Cities appearing in any Avengers movie Johannesburg
16%
Cities appearing in any Avengers movie Kolkata / Calcutta
16%
Visited Planets Svartalfheim
16%
Visited Planets Vanaheim
16%
SHIELD Agents Bill Foster
13%
Named Aliens who visited Earth Howard the Duck
13%
Arc Reactor Users JARVIS / Iron Legion
13%
Visited Planets Muspelheim
13%
Cities appearing in any Avengers movie Tonsberg
13%
SHIELD Agents Cameron Klein
10%
SHIELD Agents Chester Phillips
10%
Cities appearing in any Avengers movie Stuttgart
10%
Visited Planets Planet 0259-S / Garden
6%
Visited Planets Contraxia
3%
Visited Planets Niflheim
3%
Visited Planets Nornheim
3%
Cities appearing in any Avengers movie Wheaton (Camp Lehigh)
3%
No matching quizzes found
Score Distribution
Percent of People with Each Score
Percentile by Number Answered
Your Score History
You have not taken this quiz